| 000 | 00937nam0a2200289 4500 | ||
|---|---|---|---|
| 001 | RU\NLR\bibl\22552 | ||
| 005 | 20260408190915.0 | ||
| 010 |
_a5-7137-0108-5 _91000 |
||
| 021 |
_aRU _b99-5769 _9273 |
||
| 035 | _a(NLR Aleph) 000021973 | ||
| 090 |
_a102088 _c102088 |
||
| 100 | _a19990415d1999 u y0rusy50 ca | ||
| 101 | 1 | _arus | |
| 102 | _aRU | ||
| 105 | _a||||||||||||| | ||
| 200 | 1 |
_aСимволизм, его смысл и воздействие _fА.Н. Уайтхед |
|
| 210 |
_aТомск _cВодолей _d1999 |
||
| 215 |
_a64 с. _d17 |
||
| 606 |
_8rus _aСимволизм (филос.) _7ca _3RU\NLR\auth\661258776 _92082748 |
||
| 686 | _aЮ224.23 | ||
| 700 | 1 |
_aУайтхед _bА. Н. _f1861-1947 _gАльфред Норс. _4070 |
|
| 801 | 0 |
_aRU _bNLR _c19990415 _gPSBO |
|
| 801 | 1 |
_aRU _bNLR _c19990415 |
|
| 852 |
_aNLR _j99-2/328 |
||
| 942 | _cBOOK | ||
| 980 | _aNB | ||